[Event "Herbert W. Gustafson Memorial, S47159"]
[Site "CCLA"]
[Date "2014.10.27"]
[Round "?"]
[White "Leber, David"]
[Black "Cangelosi, Dominic"]
[Result "0-1"]
[WhiteElo "1375"]
[BlackElo "1415"]

1. d4 d5 2. c4 e6 3. Nc3 c6 4. e4 dxe4 5. Nxe4 Bb4+ 6. Bd2 Qxd4 7. Bxb4 
Qxe4+ 8. Qe2 Qxe2+ 9. Bxe2 b6 10. Bd6 c5 11. Nf3 Bb7 12. O-O Be4 13. Rfd1 
Nh6 14. Ng5 Bg6 15. Rac1 Nc6 16. Bf3 Rc8 17. Rc3 Nf5 18. Bf4 O-O 19. Ra3 
Rcd8 20. Rc1 Nfd4 21. Bxc6 Nxc6 22. Re1 Rd4 23. Be3 Rxc4 24. Rd1 a5 25. 
Rb3 Rb8 26. Rd6 Nb4 27. a3 a4 28. Rc3 Rxc3 29. bxc3 Nd5 30. Bd2 h6 31. 
Nxe6 fxe6 32. Rxe6 Rd8 33. Rxg6 Nf4 34. Rxb6 Rxd2 35. Rb1 Ne2+ 36. Kf1 
Nxc3 37. Rb8+ Kh7 38. g3 Ne4 39. Rb4 cxb4 40. axb4 a3 41. b5 a2 42. b6 
a1=Q+ 43. Kg2 Rxf2+ 44. Kh3 Qf1+ 45. Kg4 Nf6+ 46. Kh4 g5# 0-1

[Event "Regular Quad, S40239"]
[Site "CCLA"]
[Date "2014.07.28"]
[Round "?"]
[White "McLaughlin, Ed"]
[Black "Miller, Allan A."]
[Result "0-1"]
[WhiteElo "1561"]
[BlackElo "1563"]

1. c4 Nf6 2. Nc3 e6 3. Nf3 Be7 4. g3 c5 5. Bg2 Nc6 6. O-O d5 7. cxd5 exd5 
8. d4 O-O 9. Bf4 Nh5 10. Be3 c4 11. b3 Be6 12. Rb1 Bb4 13. Rc1 Bxc3 14. 
Rxc3 b5 15. a3 Rc8 16. Qc2 Qd7 17. a4 b4 18. bxc4 bxc3 19. c5 Bf5 20. Qxc3
Nf6 21. Nd2 Ne4 22. Nxe4 Bxe4 23. Bxe4 dxe4 24. Rd1 Qd5 25. Bf4 Rfd8 26. 
Bd6 a5 27. Rd2 Nb4 28. Qe3 Qf5 29. Kg2 Nd5 30. Qa3 h5 31. h3 Qg5 32. Rb2 
Qc1 33. Qb3 Qc3 34. Qxd5 Qxb2 35. Qxe4 Re8 36. Be5 Rxc5 0-1

[Event "Summer Server Series, S40071"]
[Site "CCLA"]
[Date "2014.07.28"]
[Round "?"]
[White "Richardson, Ryan M."]
[Black "Laaman, Thomas"]
[Result "1-0"]
[WhiteElo "1689"]
[BlackElo "1588"]

1. d4 d5 2. c4 e6 3. Nc3 c5 4. cxd5 exd5 5. Nf3 Nc6 6. g3 Nf6 7. Bg2 Be7 
8. O-O O-O 9. Bg5 Re8 10. Bxf6 Bxf6 11. dxc5 Bxc3 12. bxc3 Be6 13. Rb1 Qa5
14. Nd4 Qxc3 15. Nxe6 fxe6 16. Rxb7 Qxc5 17. Qa1 Re7 18. Rc1 Qa5 19. Rxe7 
Nxe7 20. Qe5 Qb6 21. Bh3 Nf5 22. Bxf5 Rf8 23. Qxe6+ 1-0

[Event "Summer Server Series, S40071"]
[Site "CCLA"]
[Date "2014.07.28"]
[Round "?"]
[White "Greco, Tom"]
[Black "Laaman, Thomas"]
[Result "1/2-1/2"]
[WhiteElo "1644"]
[BlackElo "1588"]

1. d4 d5 2. c4 e6 3. Nc3 c5 4. cxd5 exd5 5. Nf3 Nc6 6. g3 Nf6 7. Bg2 Be7 
8. O-O O-O 9. Bg5 Re8 10. Rc1 cxd4 11. Nxd4 h6 12. Be3 Be6 13. Qb3 Rb8 14.
 f3 a6 15. Na4 Nxd4 16. Bxd4 b5 17. Nc5 Bxc5 18. Rxc5 Rc8 19. Rfc1 Qe7 20.
 a4 Rxc5 21. Bxc5 Qd7 22. axb5 Qxb5 23. Qxb5 axb5 24. b4 Rc8 1/2-1/2

[Event "Herbert W Gustafson Memorial, S47129"]
[Site "CCLA"]
[Date "2014.10.27"]
[Round "?"]
[White "Miner, David"]
[Black "Shaffer, Aaron"]
[Result "1-0"]
[WhiteElo "1619"]
[BlackElo "1383"]

1. d4 d5 2. c4 e6 3. Nc3 Nf6 4. cxd5 exd5 5. Bg5 Be7 6. e3 Nc6 7. Bxf6 
Bxf6 8. Qb3 Ne7 9. Nf3 O-O 10. Bd3 Bg4 11. Qxb7 Qb8 12. Qxb8 Raxb8 13. Rb1
Bxf3 14. gxf3 c5 15. dxc5 Bxc3+ 16. bxc3 Rxb1+ 17. Bxb1 Rc8 18. Kd2 Rxc5 
19. Bc2 g6 20. Rb1 Rc7 21. Rb8+ Kg7 22. Bb3 Kf6 23. f4 1-0

[Event "Regular Quad, S40299"]
[Site "CCLA"]
[Date "2014.09.15"]
[Round "?"]
[White "Leber, David"]
[Black "Smiley, William R."]
[Result "0-1"]
[WhiteElo "1375"]
[BlackElo "1530"]

1. d4 d5 2. c4 e6 3. Nc3 Nf6 4. cxd5 exd5 5. Bg5 Be7 6. e3 Nbd7 7. Bd3 O-O
8. Qc2 h6 9. Bxf6 Nxf6 10. Nf3 b6 11. O-O-O Bg4 12. Be2 Qd7 13. Ne5 Qe6 
14. Nb5 Bxe2 15. Qxe2 Bd6 16. Nc6 a6 17. Nc3 Bxh2 18. Rhg1 Bxg1 19. Rxg1 
Qxc6 20. Kb1 Ne4 21. Nd1 Qg6 22. Ka1 c5 23. dxc5 bxc5 24. Qe1 Rfb8 25. f3 
Nd6 26. Qc3 Nc4 27. g4 Rb6 28. Rg2 a5 29. b3 a4 30. Rg1 axb3 0-1

[Event "Summer Server Series, S40051"]
[Site "CCLA"]
[Date "2014.07.28"]
[Round "?"]
[White "Quirk, Michael"]
[Black "Sereni, Vincent T."]
[Result "0-1"]
[WhiteElo "2205"]
[BlackElo "2118"]

1. d4 d5 2. c4 e6 3. Nc3 Nf6 4. cxd5 exd5 5. Bg5 Be7 6. e3 O-O 7. Bd3 h6 
8. Bh4 c5 9. dxc5 Nbd7 10. Nge2 Nxc5 11. Bc2 Qb6 12. Bxf6 Bxf6 13. Nxd5 
Qxb2 14. Rb1 Qe5 15. Qd4 Qxd4 16. exd4 Nd7 17. Kd2 g6 18. h4 Kg7 19. Be4 
Bd8 20. Nec3 Nb6 21. Kd3 Nxd5 22. Nxd5 f5 23. Bf3 Rb8 24. Rbc1 Bd7 25. Rc5
b6 26. Rc3 b5 27. a3 Re8 28. Nc7 Re7 29. Na6 Rb6 30. Nc5 Be8 31. Rd1 g5 
32. hxg5 hxg5 33. Rc2 g4 34. Ba8 Bf7 35. d5 Rd6 36. Kc3 a5 37. Kb2 Re5 38.
 Kb1 Bf6 39. Rcd2 b4 40. axb4 axb4 41. f4 Re7 42. Bc6 Ra7 43. Nb3 Ra6 44. 
Rd3 Kh7 45. g3 Bc3 46. Bb5 Ra3 47. Nc1 Kg7 48. Kc2 Rh6 49. Re3 Rh2+ 50. 
Ne2 Kf8 51. Kb1 Ra1+ 52. Kc2 b3+ 53. Kxb3 Rxd1 54. Nxc3 Bxd5+ 55. Kb4 Rdd2
56. Bd3 Be6 57. Na4 Rd1 58. Nc5 Bc8 59. Re5 Rb2+ 60. Kc4 Rc1+ 61. Kd5 Kf7 
62. Kc6 Kf6 63. Kd5 Rg2 64. Re3 Rf2 65. Bb5 Rd1+ 66. Bd3 Rf3 67. Kd4 Rc1 
68. Na4 Rxe3 69. Kxe3 Be6 70. Nb6 Rc3 71. Kd2 Ra3 72. Ke3 Ra2 73. Bf1 Ke7 
74. Nc4 Bxc4 75. Bxc4 Rg2 76. Bd5 Rxg3+ 77. Kf2 Rc3 78. Bb7 Kd6 79. Kg2 
Rc7 80. Ba6 Rc2+ 81. Kg3 Rc3+ 0-1

[Event "Herbert W. Gustafson Memorial Open, S47069"]
[Site "CCLA"]
[Date "2014.10.27"]
[Round "?"]
[White "Blake, Michael J."]
[Black "Ragan, Anthony"]
[Result "1-0"]
[WhiteElo "2008"]
[BlackElo "1900"]

1. d4 d5 2. c4 e6 3. Nc3 Nf6 4. cxd5 exd5 5. Bg5 c6 6. e3 Bf5 7. Qf3 Bg6 
8. Bxf6 Qxf6 9. Qxf6 gxf6 10. Nf3 Bd6 11. Be2 Nd7 12. g3 O-O-O 13. O-O 
Rde8 14. Rfc1 Kb8 15. a3 Nb6 16. Nd2 h5 17. h4 Re7 18. b4 Rhe8 19. Kg2 a6 
20. Bd1 Re6 21. Ra2 Ka7 22. Be2 f5 23. Bd1 Nd7 24. Ne2 Nf6 25. Nb3 Ne4 26.
 Nc5 R6e7 27. a4 f4 28. Nxf4 Nxc5 29. Nxg6 fxg6 30. dxc5 Be5 31. Rb1 d4 
32. exd4 Bxd4 33. Rd2 Bc3 34. Rd6 Re6 35. Rd3 Bg7 36. Bf3 Bf8 37. b5 cxb5 
38. axb5 Bxc5 39. bxa6 1-0

[Event "Open Server Series, S40209"]
[Site "CCLA"]
[Date "2014.06.13"]
[Round "?"]
[White "Capuzzi, Gabriele"]
[Black "Fausey, Verna M."]
[Result "1-0"]
[WhiteElo "1775"]
[BlackElo "1747"]

1. d4 d5 2. c4 e6 3. Nc3 Nf6 4. cxd5 exd5 5. Bg5 c6 6. e3 Be7 7. Bd3 Nbd7 
8. Nge2 h6 9. Bf4 Nh5 10. Qc2 Nxf4 11. Nxf4 Nb6 12. O-O-O Bh4 13. g3 Be7 
14. f3 g5 15. Nh5 g4 16. Ng7+ Kf8 17. Nf5 Bxf5 18. Bxf5 Nc4 19. Qf2 Qa5 
20. fxg4 Ba3 21. Kc2 Bxb2 22. Nb1 Bxd4 23. Kd3 Qc3+ 24. Nxc3 1-0

[Event "NA Master/Expert Server Championship, S40099"]
[Site "CCLA"]
[Date "2014.04.30"]
[Round "?"]
[White "Quirk, Michael"]
[Black "Belanoff, Stuart"]
[Result "1/2-1/2"]
[WhiteElo "2175"]
[BlackElo "2294"]

1. d4 d5 2. c4 e6 3. Nc3 Nf6 4. cxd5 exd5 5. Bg5 c6 6. Qc2 Be7 7. e3 Nbd7 
8. Bd3 Nh5 9. Bxe7 Qxe7 10. O-O-O Nb6 11. h3 g6 12. Nf3 Be6 13. g4 Ng7 14.
 Kb1 O-O-O 15. Rc1 Kb8 16. Qb3 f6 17. Na4 Nxa4 18. Qxa4 g5 19. Rc3 Rc8 20.
 Ra3 b6 21. Rc1 h5 22. h4 hxg4 23. hxg5 gxf3 24. gxf6 Qf7 25. fxg7 Qxg7 
26. Qb4 Qf8 27. Qd2 Qd6 1/2-1/2

[Event "Summer Server Series, S40061"]
[Site "CCLA"]
[Date "2014.07.28"]
[Round "?"]
[White "Capuzzi, Gabriele"]
[Black "Fausey, Verna M."]
[Result "1/2-1/2"]
[WhiteElo "1775"]
[BlackElo "1747"]

1. d4 d5 2. c4 e6 3. Nc3 Nf6 4. cxd5 exd5 5. Bg5 c6 6. e3 Be7 7. Qc2 Nbd7 
8. Bd3 O-O 9. Nge2 Re8 10. O-O Nf8 11. f3 Ng6 12. Rad1 Bd6 13. Ng3 h6 14. 
Bxf6 Qxf6 15. Rde1 Bxg3 16. hxg3 b6 17. b4 Bb7 18. a3 Re7 19. Qf2 Rae8 20.
 e4 dxe4 21. fxe4 Qe6 22. Qc2 Qd7 23. Ne2 c5 24. d5 c4 25. Qxc4 Ne5 26. 
Qd4 Nxd3 27. Qxd3 Rxe4 28. Qd1 Bxd5 29. Nf4 Rxe1 30. Rxe1 Rxe1+ 31. Qxe1 
Bc6 32. Qc3 Qd6 33. Kh2 a6 34. Nh5 Qg6 35. Nxg7 Bd5 36. Qe5 Kh7 37. Qxd5 
Kxg7 38. Qc4 1/2-1/2

[Event "Herbert W. Gustafson Memorial Open, S47059"]
[Site "CCLA"]
[Date "2014.10.27"]
[Round "?"]
[White "Clancey, James"]
[Black "Beckett, Phillip J."]
[Result "1/2-1/2"]
[WhiteElo "2053"]
[BlackElo "2036"]

1. d4 d5 2. c4 e6 3. Nc3 Nf6 4. Nf3 Be7 5. Bf4 O-O 6. e3 Nbd7 7. c5 c6 8. 
Bd3 b6 9. b4 a5 10. a3 Ba6 11. O-O Qc8 12. Qc2 Bxd3 13. Qxd3 b5 1/2-1/2

[Event "Herbert W. Gustafson Memorial Open, S47049"]
[Site "CCLA"]
[Date "2014.10.27"]
[Round "?"]
[White "Laine, Jari"]
[Black "Sereni, Vincent T."]
[Result "1-0"]
[WhiteElo "2144"]
[BlackElo "2118"]

1. d4 d5 2. Nf3 Nf6 3. c4 e6 4. Nc3 Be7 5. Bf4 O-O 6. e3 Nbd7 7. Be2 dxc4 
8. O-O Nb6 9. Qc2 Nh5 10. Be5 f6 11. Bg3 Nxg3 12. hxg3 Qe8 13. a4 a5 14. 
Nd2 Qg6 15. Qd1 Ra6 16. Rc1 Rd8 17. Nxc4 Nxc4 18. Bxc4 Rb6 19. Qe2 c6 20. 
Rfd1 Kh8 21. b3 Bd7 22. Rc2 Re8 23. e4 Qg5 24. e5 f5 25. Qf3 Kg8 26. Ne2 
Qg4 27. Qxg4 fxg4 28. Nf4 Kf7 29. Nd3 Rd8 30. Re1 h5 31. f3 gxf3 32. gxf3 
Bc8 33. Re4 Rh8 34. g4 h4 35. f4 Kg6 36. Kh2 Kh6 37. Rf2 g6 38. Kh3 Kh7 
39. g5 Kg7 40. Kg4 Kf7 41. Rh2 Rd8 42. Rxh4 Bf8 43. Nc5 Bg7 44. Kf3 Rb4 
45. Nd3 Rb6 46. Rh1 Bf8 47. f5 gxf5 48. Rh7+ Bg7 49. Reh4 Rb4 50. Nf4 Rxd4
51. g6+ Kg8 52. Rxg7+ Kxg7 53. Rh7+ Kf8 54. Nh5 Rg4 55. Rf7+ Ke8 56. Nf6+ 
Kd8 57. Rf8+ Kc7 58. Nxg4 fxg4+ 59. Ke3 b5 60. axb5 Bd7 61. g7 cxb5 62. 
Bd3 g3 63. g8=Q g2 64. Qxg2 Rh4 65. Rf7 1-0

[Event " NA Class A Server Championship, S40109"]
[Site "CCLA"]
[Date "2014.04.30"]
[Round "?"]
[White "Vecchio, Ralph"]
[Black "Ragan, Anthony"]
[Result "1/2-1/2"]
[WhiteElo "1815"]
[BlackElo "1900"]

1. d4 d5 2. c4 e6 3. Nc3 Nf6 4. Bf4 Be7 5. e3 O-O 6. Nf3 c5 7. dxc5 Bxc5 
8. a3 Nc6 9. Be2 dxc4 10. Bxc4 Qe7 11. O-O Rd8 12. Qc2 e5 13. Bg5 Be6 14. 
Bxf6 Qxf6 15. Ne4 Qg6 16. Bxe6 fxe6 17. Nh4 Qg4 18. Nxc5 Qxh4 19. Nxb7 
Rdc8 20. Nd6 Nd4 21. Qxc8+ Rxc8 22. Nxc8 Ne2+ 23. Kh1 Qa4 1/2-1/2

[Event "Summer Server Series, S40091"]
[Site "CCLA"]
[Date "2014.07.28"]
[Round "?"]
[White "Ritzmann, Andrew M."]
[Black "Cain, Larry F."]
[Result "0-1"]
[WhiteElo "1381"]
[BlackElo "1267"]

1. d4 d5 2. Nf3 Nf6 3. c4 e6 4. Nc3 Bb4 5. cxd5 exd5 6. Bg5 O-O 7. e3 Bg4 
8. Be2 a6 9. O-O Be7 10. Qd3 Re8 11. Ne5 Bxe2 12. Nxe2 Nbd7 13. f3 c5 14. 
Nf4 c4 15. b3 cxd3 16. Nfxd3 Rc8 17. Nf4 Qc7 18. Rac1 Qd6 19. Rxc8 Rxc8 
20. Nxd7 Qxd7 21. a4 Qf5 22. h4 Kf8 23. g4 Qc2 24. e4 dxe4 25. fxe4 Nxg4 
26. Ng2 Bxg5 27. hxg5 Qxe4 28. Nf4 Qxd4+ 0-1

[Event "Winter Server Series, S40011"]
[Site "CCLA"]
[Date "2014.01.27"]
[Round "?"]
[White "Branton, Gary"]
[Black "Bapple, Edward C."]
[Result "0-1"]
[WhiteElo "1856"]
[BlackElo "1979"]

1. d4 Nf6 2. c4 e6 3. Nf3 d5 4. Nc3 Bb4 5. Bg5 Nbd7 6. cxd5 exd5 7. e3 O-O
8. Bd3 h6 9. Bh4 Bxc3+ 10. bxc3 c5 11. O-O c4 12. Bc2 Qa5 13. Qe1 Re8 14. 
Bxf6 Nxf6 15. Ne5 Nd7 16. f4 Nf6 17. h3 Bd7 18. Qd2 Re7 19. g4 Rd8 20. a4 
Bc6 21. Nxc6 bxc6 22. Kh2 Ne4 23. Bxe4 Rxe4 24. Kg3 Rde8 25. Rfe1 c5 26. 
dxc5 Qxc5 27. Kf3 Qc6 28. Kf2 a6 29. a5 Rb8 30. Reb1 Rb3 31. Rxb3 cxb3 32.
 Ra3 Qc4 33. Kf3 Qf1+ 34. Qf2 Rxe3+ 35. Kxe3 Qc1+ 36. Qd2 Qxa3 37. Qxd5 
Qc1+ 38. Ke2 Qc2+ 39. Qd2 Qa2 40. Ke3 b2 41. Qd8+ Kh7 42. Qd3+ g6 43. f5 
b1=Q 44. fxg6+ Kg7 45. Qd4+ Kxg6 46. Kf3 Qf1+ 47. Ke4 Qag2+ 48. Ke5 Qf6# 
0-1

[Event "Summer Server Series, S40071"]
[Site "CCLA"]
[Date "2014.07.28"]
[Round "?"]
[White "Avery, Bryce"]
[Black "Strelecky, Rich"]
[Result "1-0"]
[WhiteElo "1663"]
[BlackElo "1584"]

1. d4 d5 2. c4 c6 3. Nf3 Nf6 4. Nc3 e6 5. g3 dxc4 6. Bg2 Nbd7 7. O-O Be7 
8. e4 O-O 9. a4 a5 10. Qe2 Nb6 11. Rd1 Bb4 12. Ne5 Nfd7 13. Nxc4 Nxc4 14. 
Qxc4 Bxc3 15. bxc3 h6 16. Be3 e5 17. d5 cxd5 18. exd5 Nf6 19. Rab1 Ra6 20.
 Qb5 Qd7 21. c4 Rd8 22. c5 Qxb5 23. axb5 Ra8 24. b6 Bg4 25. Rd2 Bf5 26. 
Rbb2 Ne4 27. Rd1 Rac8 28. c6 bxc6 29. b7 c5 30. bxc8=Q Rxc8 31. Bxe4 Bxe4 
32. d6 Bf3 33. d7 Rd8 34. Rd6 Bg4 35. Rb7 Bxd7 36. Rdxd7 1-0

[Event " NA Class A Server Championship, S40109"]
[Site "CCLA"]
[Date "2014.04.30"]
[Round "?"]
[White "Shannon, Paul D."]
[Black "Calkins, Donn"]
[Result "0-1"]
[WhiteElo "1832"]
[BlackElo "1938"]

1. d4 d5 2. c4 Nf6 3. Nf3 c6 4. Nc3 e6 5. Bg5 h6 6. Bxf6 Qxf6 7. g3 Nd7 8.
 Bg2 dxc4 9. O-O Be7 10. e3 O-O 11. Qe2 e5 12. Qxc4 Nb6 13. Qd3 Bf5 14. 
Qe2 exd4 15. Nxd4 Rad8 16. Nxf5 Qxf5 17. e4 Qc5 18. Rac1 Rfe8 19. Kh1 Qc4 
20. Rfd1 Qxe2 21. Nxe2 Na4 22. b3 Nb2 23. Rxd8 Rxd8 24. Rc2 Nd3 25. Kg1 
Bc5 26. Nf4 Bxf2+ 27. Kf1 Nxf4 28. Kxf2 Nd3+ 29. Ke2 Ne5 30. Rc3 Rd4 31. 
Ke3 Rd1 32. Ke2 Ra1 33. Rc2 Rb1 34. Rd2 Rc1 35. Bh3 h5 36. Ke3 g6 37. Kf4 
f6 38. Ke3 Re1+ 39. Kf4 Kf7 40. Bg2 g5+ 41. Kf5 Ng6 0-1

[Event "Continuous Server Series, S40069"]
[Site "CCLA"]
[Date "2014.03.03"]
[Round "?"]
[White "Miller, Allan A."]
[Black "Bokiev, Alan"]
[Result "0-1"]
[WhiteElo "1563"]
[BlackElo "1739"]

1. d4 d5 2. c4 c6 3. Nc3 e6 4. Nf3 Nf6 5. e3 Be7 6. Bd3 O-O 7. O-O h6 8. 
c5 Nbd7 9. b4 Qc7 10. e4 dxe4 11. Nxe4 Nxe4 12. Bxe4 e5 13. Be3 exd4 14. 
Bxd4 Nf6 15. Be5 Qd8 16. Qxd8 Rxd8 17. Bc2 Bg4 18. Rad1 Bxf3 19. gxf3 Nd5 
20. a3 a5 21. Bb3 Bf6 22. Bxf6 Nxf6 23. Rxd8+ Rxd8 24. Rd1 Rxd1+ 25. Bxd1 
axb4 26. axb4 Nd5 27. b5 cxb5 28. Be2 Nc3 29. Bd3 b4 30. Bc2 Nb5 0-1

[Event "Herbert W Gustafson Memorial, S47129"]
[Site "CCLA"]
[Date "2014.10.27"]
[Round "?"]
[White "Miller, Allan A."]
[Black "Strelecky, Rich"]
[Result "1-0"]
[WhiteElo "1563"]
[BlackElo "1584"]

1. d4 d5 2. c4 e6 3. Nc3 Nf6 4. e3 c6 5. Nf3 Nbd7 6. cxd5 cxd5 7. Bb5 Bb4 
8. Bd2 O-O 9. a3 Bd6 10. Rc1 Ng4 11. h3 Ngf6 12. O-O a6 13. Bd3 h6 14. e4 
Nxe4 15. Nxe4 dxe4 16. Bxe4 Nf6 17. Bb1 Re8 18. Ne5 Qb6 19. Be3 Qd8 20. 
Qf3 Bxe5 21. dxe5 Nd5 22. Rfd1 Bd7 23. Bd2 Ba4 24. b3 Bc6 25. Qg3 Kh8 26. 
Rc4 Rg8 27. Bc1 g5 28. Qd3 Rg7 29. h4 Bb5 30. hxg5 hxg5 31. Qh3+ Kg8 32. 
a4 Bxc4 33. bxc4 Qb6 34. Bxg5 Nc3 35. Qxc3 Rxg5 36. Qh3 Rg7 37. Be4 Qc7 
38. Qf3 Ra7 39. Qf6 Ra8 40. Rd3 Kf8 41. Bxb7 Rb8 42. Be4 Qe7 43. c5 Qxf6 
44. exf6 Rg4 45. f3 Rh4 46. g4 Ke8 47. c6 Rc8 48. Rd7 Rh6 49. g5 Rh5 50. 
f4 Rh4 51. Re7+ Kf8 52. c7 Rg4+ 53. Kh2 Rxf4 54. Bb7 1-0

[Event "Regular Quad, S40249"]
[Site "CCLA"]
[Date "2014.08.08"]
[Round "?"]
[White "Miller, Allan A."]
[Black "Miner, David"]
[Result "0-1"]
[WhiteElo "1563"]
[BlackElo "1619"]

1. d4 d5 2. c4 c6 3. e3 Nf6 4. Nc3 e6 5. Nf3 Nbd7 6. Bd3 dxc4 7. Bxc4 b5 
8. Bd3 Bb7 9. O-O a6 10. e4 c5 11. Bg5 cxd4 12. Nxd4 Ne5 13. Bc2 Rc8 14. 
Kh1 Nc4 15. Rb1 Bc5 16. Nb3 Qxd1 17. Rfxd1 Bxf2 18. Bd3 Ne5 19. Bxf6 gxf6 
20. Be2 b4 21. Na4 Bxe4 22. Rbc1 Ke7 23. Nd2 Bc2 24. Rxc2 Rxc2 25. Bxa6 
Rd8 0-1

[Event "Herbert W. Gustafson Memorial Open, S47119"]
[Site "CCLA"]
[Date "2014.10.27"]
[Round "?"]
[White "Blankenship, Jerry T."]
[Black "Lines, Daniel"]
[Result "1-0"]
[WhiteElo "1599"]
[BlackElo "1589"]

1. d4 d5 2. c4 e6 3. Nc3 Nf6 4. Bg5 Bb4 5. e3 O-O 6. Nf3 Bxc3+ 7. bxc3 
dxc4 8. Bxc4 h6 9. Bh4 b6 10. e4 Nc6 11. e5 g5 12. Nxg5 hxg5 13. Bxg5 Nb8 
14. Bxf6 Qxf6 15. exf6 1-0

[Event "Herbert W. Gustafson Memorial , S47179"]
[Site "CCLA"]
[Date "2014.10.27"]
[Round "?"]
[White "Hodgkins, Neil C."]
[Black "Lyons, Anthony W."]
[Result "1-0"]
[WhiteElo "1419"]
[BlackElo "1287"]

1. d4 d5 2. c4 e6 3. Nf3 Nf6 4. Bg5 Be7 5. Nc3 h6 6. Bf4 Nc6 7. e3 O-O 8. 
Be2 a6 9. cxd5 exd5 10. O-O Bg4 11. h3 Bh5 12. Bd3 Bxf3 13. Qxf3 Nb4 14. 
Be2 Bd6 15. Bxd6 Qxd6 16. a3 Nc6 17. Rad1 Rfe8 18. Rfe1 Nd8 19. Bd3 Ne6 
20. Bc2 c6 21. e4 Qf4 22. Qxf4 Nxf4 23. e5 Nd7 24. b4 Nb6 25. Ne2 Nxe2+ 
26. Rxe2 Nc4 27. Rd3 a5 28. f4 Re7 29. Rc3 axb4 30. axb4 Ree8 31. Bd3 b5 
32. Kf2 Nb6 33. Rxc6 Nc4 34. Rc5 Rab8 35. Rxd5 Red8 36. Rxd8+ Rxd8 37. 
Bxc4 bxc4 38. Ke3 1-0

[Event "NA Class C Server Championship, S40129"]
[Site "CCLA"]
[Date "2014.04.30"]
[Round "?"]
[White "Cangelosi, Dominic"]
[Black "Strelecky, Rich"]
[Result "0-1"]
[WhiteElo "1415"]
[BlackElo "1584"]

1. d4 Nf6 2. c4 e6 3. Nc3 d5 4. Bg5 Be7 5. e3 Nbd7 6. Bd3 dxc4 7. Bxc4 Nb6
8. Bd3 Nfd5 9. Bxe7 Qxe7 10. Nf3 O-O 11. O-O a6 12. Rc1 h6 13. Ne5 Nxc3 
14. Rxc3 Nd5 15. Rc5 b6 16. Rc2 Bb7 17. Bg6 f6 18. Bf7+ Rxf7 19. Nxf7 Qxf7
20. Qc1 Rc8 21. Qd2 a5 22. a3 Qg6 23. f3 Nxe3 24. Qxe3 Qxc2 25. Qxe6+ Kh8 
26. Re1 Qxb2 27. Qd7 Qxa3 28. Re7 Qc1+ 29. Kf2 Qc2+ 30. Kg1 Qc1+ 31. Kf2 
Qd2+ 32. Kg1 Qc1+ 33. Kf2 Qg5 34. Qe6 Qh4+ 35. Ke2 Qxd4 36. Qf7 Ba6+ 37. 
Ke1 Qg1+ 0-1

[Event "Herbert W. Gustafson Memorial Open, S47069"]
[Site "CCLA"]
[Date "2014.10.27"]
[Round "?"]
[White "Price, Brennan"]
[Black "Ragan, Anthony"]
[Result "1-0"]
[WhiteElo "1852"]
[BlackElo "1900"]

1. d4 d5 2. c4 e6 3. Nc3 Nf6 4. Bg5 Be7 5. Nf3 O-O 6. e3 h6 7. Bh4 b6 8. 
Be2 Bb7 9. Bxf6 Bxf6 10. cxd5 exd5 11. b4 c6 12. O-O a5 13. b5 c5 14. Ne5 
Qc7 15. Ng4 Nd7 16. Bf3 cxd4 17. Nxf6+ Nxf6 18. Qxd4 Qc5 19. Qxc5 bxc5 20.
 Rfd1 Rfd8 21. Na4 Rac8 22. Rac1 c4 23. Nc3 Rd6 24. Rd4 Rcd8 25. Rcd1 Kf8 
26. e4 Nd7 27. exd5 Nb6 28. h4 Re8 29. g4 g6 30. Kg2 Re5 31. Kg3 Ke7 32. 
Re4 Rxe4 33. Bxe4 g5 34. hxg5 hxg5 35. f4 gxf4+ 36. Kxf4 f6 37. a4 Bc8 38.
 Rh1 Bd7 39. Rh8 Be8 40. Rh7+ 1-0

[Event "Herbert W. Gustafson Memorial Open, S47069"]
[Site "CCLA"]
[Date "2014.10.27"]
[Round "?"]
[White "Cacas, Alexander"]
[Black "Ragan, Anthony"]
[Result "1-0"]
[WhiteElo "1886"]
[BlackElo "1900"]

1. d4 d5 2. c4 e6 3. Nc3 Nf6 4. Bg5 Be7 5. e3 O-O 6. Nf3 h6 7. Bh4 b6 8. 
cxd5 exd5 9. Bd3 Bb7 10. O-O Nbd7 11. Rc1 c5 12. Qe2 c4 13. Bb1 a6 14. 
Rfe1 b5 15. a3 Qc7 16. Bg3 Bd6 17. Bxd6 Qxd6 18. Qc2 Ne4 19. Nxe4 dxe4 20.
 Nd2 Nf6 21. Nf1 Bd5 22. Ng3 Rfc8 23. Qd2 a5 24. Rc2 b4 25. axb4 axb4 26. 
Rec1 Ra7 27. Qe2 Ra1 28. Nf1 Qa6 29. Nd2 Qe6 30. f3 exf3 31. gxf3 c3 32. 
bxc3 Rxc3 33. Rxc3 bxc3 34. Nf1 Ba2 35. Bh7+ Nxh7 36. Rxa1 Bc4 37. Ra8+ 
Nf8 38. Qf2 Qg6+ 39. Qg2 Qb1 40. Rc8 Bxf1 41. Qxf1 c2 42. Kf2 Qd1 43. Qe1 
g6 44. Qc3 1-0

[Event "Summer Server Series, S40081"]
[Site "CCLA"]
[Date "2014.07.28"]
[Round "?"]
[White "Sanchez, David A."]
[Black "Smiley, William R."]
[Result "0-1"]
[WhiteElo "1471"]
[BlackElo "1530"]

1. d4 Nf6 2. c4 g6 3. g3 Bg7 4. Bg2 d5 5. cxd5 Nxd5 6. e4 Nb6 7. Ne2 O-O 
8. O-O e5 9. d5 c6 10. Nbc3 cxd5 11. exd5 Bd7 12. Ne4 Nc8 13. Qb3 b6 14. 
Be3 f5 15. d6+ Kh8 16. Ng5 e4 17. Nf7+ Rxf7 18. Qxf7 Nxd6 19. Qb3 Nc6 20. 
Rfd1 Qe7 21. Qd5 Be5 22. Rac1 Rc8 23. Rd2 Be6 0-1

[Event "NA Master/Expert Server Championship, S40099"]
[Site "CCLA"]
[Date "2014.04.30"]
[Round "?"]
[White "Belanoff, Stuart"]
[Black "Reinhart, Kenneth M."]
[Result "1-0"]
[WhiteElo "2294"]
[BlackElo "2399"]

1. d4 Nf6 2. Nf3 g6 3. g3 Bg7 4. Bg2 d5 5. O-O O-O 6. c4 dxc4 7. Na3 c3 8.
 bxc3 c5 9. e3 Nc6 10. Qe2 Bf5 11. Bb2 e5 12. Nxe5 Nxe5 13. dxe5 Bd3 14. 
Qe1 Nd7 15. f4 Bxf1 16. Qxf1 Nb6 17. Rd1 Qe7 18. Nc4 Qe6 19. Nxb6 Qxb6 20.
 Qe2 Rad8 21. Bd5 Qa5 22. e4 a6 23. Kg2 Rfe8 24. h4 h5 25. a3 b5 26. c4 
bxc4 27. Qxc4 Rd7 28. Bc3 Qb5 29. Rc1 Red8 30. a4 Qxc4 31. Bxc4 Rd1 32. 
Rc2 Rb1 33. Bxa6 Rdd1 34. Bb2 Rd8 35. Kf2 Ra8 36. Bb5 Bf8 37. f5 gxf5 38. 
exf5 Rd8 39. Kg2 Bg7 40. Re2 Rb8 41. Bc3 Rb3 42. Bd2 Rb2 43. e6 fxe6 44. 
fxe6 Bf6 45. Kf3 Kg7 46. e7 Rxd2 47. e8=Q Rxe8 48. Rxd2 Rc8 49. Rd7+ Kh8 
50. Rf7 Bd4 51. Rf5 c4 52. Rxh5+ Kg7 53. Bd7 Rc7 54. Rd5 c3 55. Bf5 Bc5 
56. Bc2 Be7 57. a5 Ra7 58. Rh5 Kg8 59. Rb5 Kg7 60. h5 Bd8 61. g4 Rxa5 62. 
Rb7+ Kh8 63. Rb8 Rd5 64. h6 Rd2 65. Bf5 c2 66. Bxc2 Rxc2 67. Rxd8+ Kh7 68.
 g5 Kg6 69. Rg8+ Kh7 70. Rg7+ Kh8 71. Rd7 1-0

[Event "NA Master/Expert Server Championship, S40099"]
[Site "CCLA"]
[Date "2014.04.30"]
[Round "?"]
[White "Belanoff, Stuart"]
[Black "Young III, William C."]
[Result "1/2-1/2"]
[WhiteElo "2294"]
[BlackElo "2104"]

1. d4 Nf6 2. Nf3 g6 3. g3 d5 4. Bg2 Bg7 5. O-O c6 6. c4 O-O 7. cxd5 cxd5 
8. Nc3 e6 9. Bf4 Nc6 10. Rc1 Nh5 11. Bg5 f6 12. Bd2 f5 13. Bg5 Qa5 14. Qd2
Bd7 15. Bh6 Rac8 16. Bxg7 Kxg7 17. Ne5 Nf6 18. e3 Nxe5 19. dxe5 Ng4 20. h3
Nh6 21. b3 Nf7 22. Qb2 Kg8 23. f4 Rc6 24. Ne2 Rfc8 25. b4 Qb6 26. Nd4 Rxc1
27. Rxc1 Rxc1+ 28. Qxc1 a6 29. a3 Nd8 30. Bf1 Nc6 31. Nb3 Kf7 32. Qc5 Qxc5
33. Nxc5 Bc8 34. Kf2 h5 35. Ke2 b6 36. Na4 b5 37. Nb6 Bb7 38. Nd7 Bc8 39. 
Nc5 g5 40. fxg5 Nxe5 41. Bg2 Ke7 42. Bf3 Nxf3 43. Kxf3 e5 44. Ke2 Kd6 45. 
h4 Ke7 46. Nd3 Ke6 47. Kf2 Bd7 48. Nc5+ Ke7 49. Nxa6 Kf7 50. Kf3 1/2-1/2

[Event "Herbert W. Gustafson Memorial Open, S47059"]
[Site "CCLA"]
[Date "2014.10.27"]
[Round "?"]
[White "Beavan, Robert"]
[Black "Gredescul, Andrea"]
[Result "0-1"]
[WhiteElo "1937"]
[BlackElo "2026"]

1. c4 c6 2. g3 d5 3. Bg2 g6 4. cxd5 cxd5 5. d4 Bg7 6. Nc3 Nf6 7. Nf3 O-O 
8. O-O Ne4 9. e3 Nxc3 10. bxc3 Nc6 11. Nd2 Be6 12. Re1 Rc8 13. Nb3 b6 14. 
Bb2 Qd7 15. e4 dxe4 16. Bxe4 Bc4 17. Nd2 Na5 18. Nxc4 Nxc4 19. Bc1 Nd6 20.
 Qb3 Nxe4 21. Rxe4 e6 22. Ba3 Rfd8 23. Re3 Bh6 24. f4 Bg7 25. Rd1 h5 26. 
Rdd3 Qc6 27. h4 Rd5 28. Re2 Rb5 29. Qc2 Ra5 30. Qb3 Ra4 31. Red2 Bf8 32. 
Bxf8 Kxf8 33. d5 exd5 34. Rxd5 Rc4 35. Rd8+ Rxd8 36. Rxd8+ Kg7 37. Qa3 
Qc5+ 38. Qxc5 Rxc5 39. Rd3 Ra5 40. Rd2 Ra3 41. Rc2 Kf6 42. Kg2 b5 0-1